<?xml version="1.0" encoding="UTF-8"?>
<record
    xmlns:xsi="http://www.w3.org/2001/XMLSchema-instance"
    xsi:schemaLocation="http://www.loc.gov/MARC21/slim http://www.loc.gov/standards/marcxml/schema/MARC21slim.xsd"
    xmlns="http://www.loc.gov/MARC21/slim">

  <leader>01205    a2200205   4500</leader>
  <controlfield tag="001">125429</controlfield>
  <datafield tag="020" ind1=" " ind2=" ">
    <subfield code="a">8516031209</subfield>
  </datafield>
  <datafield tag="040" ind1=" " ind2=" ">
    <subfield code="c">Escola Canadense de Niteroi</subfield>
  </datafield>
  <datafield tag="090" ind1=" " ind2=" ">
    <subfield code="a">MAC - D2</subfield>
  </datafield>
  <datafield tag="100" ind1=" " ind2=" ">
    <subfield code="a">Machado, Ana Maria</subfield>
  </datafield>
  <datafield tag="245" ind1="1" ind2="0">
    <subfield code="a">Dia de Chuva</subfield>
  </datafield>
  <datafield tag="260" ind1=" " ind2=" ">
    <subfield code="a">S&#xE3;o Paulo</subfield>
  </datafield>
  <datafield tag="300" ind1=" " ind2=" ">
    <subfield code="a">32 p.</subfield>
    <subfield code="b">il.</subfield>
    <subfield code="c">6 x 22.4 x 0.6 cm (brochura)</subfield>
  </datafield>
  <datafield tag="362" ind1="0" ind2=" ">
    <subfield code="a">2002</subfield>
  </datafield>
  <datafield tag="520" ind1=" " ind2=" ">
    <subfield code="a"> Esse livro &#xE9; uma prova da f&#xE9; que Ana Maria Machado sempre teve no poder da imagina&#xE7;&#xE3;o da crian&#xE7;a. Observadora atenta do mundo infantil Ana sabe que as crian&#xE7;as desde muito cedo constroem mundos incr&#xED;veis no faz-de-conta. Um dia de chuva pode deixar muita gente entediada. Mas n&#xE3;o aqueles que t&#xEA;m passagem livre para o incr&#xED;vel mundo do faz-de-conta. As almofadas do sof&#xE1; se transformam em elefantes camelos carro&#xE7;as e caravanas. A mesa da sala vira caverna os p&#xE9;s da cadeira s&#xE3;o troncos de &#xE1;rvores a cama ou rede &#xE9; um navio em alto-mar a vassoura &#xE9; um cavalo o pano-de-prato &#xE9; uma capa m&#xE1;gica. &#xE9; apenas um exemplo de como os pequenos percorrem o mundo todo enquanto gente grande acha que n&#xE3;o v&#xE3;o a lugar nenhum.</subfield>
  </datafield>
  <datafield tag="650" ind1=" " ind2="4">
    <subfield code="a">Imagina&#xE7;&#xE3;o</subfield>
  </datafield>
  <datafield tag="650" ind1=" " ind2="4">
    <subfield code="a">Literatura Infantil</subfield>
  </datafield>
  <datafield tag="650" ind1=" " ind2="4">
    <subfield code="a">Brincadeiras</subfield>
  </datafield>
  <datafield tag="942" ind1=" " ind2=" ">
    <subfield code="c">BK</subfield>
  </datafield>
  <datafield tag="952" ind1=" " ind2=" ">
    <subfield code="0">0</subfield>
    <subfield code="1">0</subfield>
    <subfield code="4">0</subfield>
    <subfield code="7">0</subfield>
    <subfield code="a">80.1</subfield>
    <subfield code="b">80.1</subfield>
    <subfield code="d">2024-02-09</subfield>
    <subfield code="l">0</subfield>
    <subfield code="o">MAC - D2</subfield>
    <subfield code="p">A02235</subfield>
    <subfield code="r">2024-02-09 21:22:05</subfield>
    <subfield code="w">2024-02-09</subfield>
    <subfield code="y">BK</subfield>
  </datafield>
  <datafield tag="999" ind1=" " ind2=" ">
    <subfield code="c">125429</subfield>
    <subfield code="d">125429</subfield>
  </datafield>
</record>
